Normal view
MARC view
- David S. Saxon
Entry Personal Name
001 - CONTROL NUMBER
- control field: 125671
003 - CONTROL NUMBER IDENTIFIER
- control field: NUST
005 - DATE AND TIME OF LATEST TRANSACTION
- control field: 20240904142956.0
008 - FIXED-LENGTH DATA ELEMENTS
- fixed length control field: 240904|| aca||aabn | a|a d
040 ## - CATALOGING SOURCE
- Original cataloging agency: NUST
- Transcribing agency: NUST
100 ## - HEADING--PERSONAL NAME
- Personal name: David S. Saxon
670 ## - SOURCE DATA FOUND
- Source citation: Work cat.: (NUST): David S. Saxon, Elementary Quantum Mechanics , 1968.
